| 000 | 00000nam##2200000za#4500 |
| 001 | 9.574123 |
| 003 | CaOODSP |
| 005 | 20210624184030 |
| 007 | cr ||||||||||| |
| 008 | 150406|2004||||xxc|||||o f|0| 0 eng|d |
| 022 | |a1488-5379 |
| 040 | |aCaOODSP|beng |
| 043 | |an-cn--- |
| 086 | 1 |aFs97-6/2541E-PDF |
| 110 | 1 |aCanada. |bDepartment of Fisheries and Oceans. |
| 245 | 10|aReproductive technologies applied to Newfoundland salmonid aquaculture to enhance commercial production / |h[electronic resource]|cby V.A. Pepper, T. Nicholls and C. Collier. |
| 260 | |aSt. John's - Newfoundland and Labrador : |bFisheries and Oceans Canada |cc2004. |
| 300 | |a58p.|bcoloured map, figs. (some coloured), graphs, references, tables, photographs |
| 490 | 1 |aCanadian technical report of fisheries and aquatic sciences|x1488-5379|vNo. 2541 |
| 500 | |aThe catalogue number (Fs97-6/2541E) and ISSN (0706-6457) for the print edition have been incorrectly copied in this electronic publication. |
| 546 | |a(Résumé en français) |
| 590 | |a12-23-Supp|b2012-05-28 |
| 720 | 1 |aNicholls, T. |
| 720 | 1 |aCollier, C. |
| 720 | 1 |aPepper, V. A. |
| 776 | 0#|tReproductive technologies applied to Newfoundland salmonid aquaculture to enhance commercial production / |w(CaOODSP)9.616942 |
| 830 | #0|aCanadian technical report of fisheries and aquatic sciences,|x1488-5379|vNo. 2541|w(CaOODSP)9.504449 |
| 856 | 40|ahttp://publications.gc.ca|qPDF|s1.45 MB|uhttps://publications.gc.ca/collections/collection_2012/mpo-dfo/Fs97-6-2541-eng.pdf|yNo. 2541 |